মুক্তিযুদ্ধের গল্প / (Record no. 678)
[ view plain ]
| 000 -LEADER | |
|---|---|
| fixed length control field | 00670nam a2200229 a 4500 |
| 001 - CONTROL NUMBER | |
| JCCL Control Number | 678 |
| 003 - CONTROL NUMBER IDENTIFIER | |
| JCCL marc code | BD-JhCC |
| 005 - DATE AND TIME OF LATEST TRANSACTION | |
| control field | 20190917134018.0 |
| 008 - FIXED-LENGTH DATA ELEMENTS--GENERAL INFORMATION | |
| fixed length control field | 171008s2007 bg a|||| |||| 00| 0 ben d |
| 020 ## - INTERNATIONAL STANDARD BOOK NUMBER | |
| International Standard Book Number | 9844150485 |
| 035 ## - SYSTEM CONTROL NUMBER | |
| system control number | (BD-JhCC)678 |
| 040 ## - CATALOGING SOURCE | |
| Original cataloging agency | BD-JhCC |
| Modifying agency | BD-JhCC |
| 041 ## - LANGUAGE CODE | |
| Language code of Book | ben |
| 082 ## - DEWEY DECIMAL CLASSIFICATION NUMBER | |
| DDC Edition number | 22 |
| Classification number | 954.9205 |
| Author mark and Year | HAS 2007 |
| 100 ## - MAIN ENTRY--PERSONAL NAME | |
| Personal name | হাসনাত ,আবুল |
| 245 ## - TITLE STATEMENT | |
| Title | মুক্তিযুদ্ধের গল্প / |
| Statement of responsibility, etc | আবুল হাসনাত , |
| 260 ## - PUBLICATION, DISTRIBUTION, ETC. (IMPRINT) | |
| Place of publication, distribution, etc | ঢাকা , |
| Name of publisher, distributor, etc | অবসর , |
| Date of publication, distribution, etc | ২০০৭ |
| 300 ## - PHYSICAL DESCRIPTION | |
| Pagination | 564p. : |
| Other physical details | ill. ; |
| Dimensions | 22cm. |
| 650 ## - SUBJECT ADDED ENTRY--TOPICAL TERM | |
| Topical term or geographic name as entry element | History |
| General subdivision | Liberatin war ,1971 |
| 942 ## - ADDED ENTRY ELEMENTS (KOHA) | |
| Source of classification or shelving scheme | Dewey Decimal Classification |
| Koha item type | Books |
| Koha issues (borrowed), all copies | 2 |
| Source of classification or shelving scheme | Damaged status | Not for loan | Home library | Current library | Shelving location | Cost, normal purchase price | Total Checkouts | Full call number | Barcode | Date last seen | Date checked out | Copy number | Koha item type |
|---|---|---|---|---|---|---|---|---|---|---|---|---|---|
| Dewey Decimal Classification | JCC Rouf Library | JCC Rouf Library | General Stacks | 325.00 | 1 | 954.9205 HAS 2007 | 104 | 10/24/2019 | 09/16/2019 | C-1 | Books |